01806nam a2200445 i 450000100060000000300080000600500170001400600190003100700150005000800410006502000180010602000270012404000310015105000210018208000130020308200160021610000300023224501370026226400590039930000410045833600310049933700360053033800430056658801340060959001640074365000300090765000590093765000560099665000160105265000150106865000300108365000270111365100510114065100220119165500270121379700190124003500220125985600620128199900170134343347FlNmELB20241216222122.0m o u cr cn|||||||||190210s2013 mx o 000 0 spa d z9786078289134 a9781512954265 (e-book) aFINmELBbspaerdacFINmELB14aJL966bO341 2013 a321.7(8)04a321.8982231 aOgarrio Badillo, Gustavo.10aBreve historia de la transición y el olvido :buna lectura de la democratización en América Latina /cGustavo Ogarrio Badillo. 1aMéxico, D.F. :bEdiciones y Gráficos Eón,c2013. a1 recurso en línea (142 páginas) atextobtxt2rdacontent/spa acomputadorabcbc2rdamedia/spa arecurso en líneabcr2rdacarrier/spa aDescripción basada en recurso en línea; título de la página del título en PDF (elibro, visto el 10 de febrero de 2019). aRecurso electrónico. Santa Fe, Arg.: e-libro, 2019. Disponible vía World Wide Web. El acceso puede estar limitado para las bibliotecas afiliadas a e-libro. 0aDemocracyzLatin America. 0aDemocratizationzLatin AmericaxHistoryy20th century. 0aDictatorshipzLatin AmericaxHistoryy20th century. 4aDemocracia. 4aDictadura. 4aHistoria latinoamericana. 4aPolítica y gobierno. 0aLatin AmericaxPolitics and governmenty1980-. 4aAmérica Latina. 4aLibros electrónicos.2 ae-libro, Corp. a(OCoLC)110592018240uhttps://elibro.net/ereader/politecnicointernacional/40885 c43347d43347